| 000 | 00707 a2200205 4500 | ||
|---|---|---|---|
| 005 | 20080917095547.0 | ||
| 008 | 080917t xxu||||| |||| 00| 0 eng d | ||
| 010 | _aENG-87778 | ||
| 020 |
_a8178802465 _c600.00 |
||
| 035 | _aEN-71311 | ||
| 037 | _bDBAD / PUB | ||
| 082 | _a641 | ||
| 100 | _aJas, P.K. | ||
| 245 |
_aFood and nutrition _cby P.K. Jas |
||
| 260 |
_aNew Delhi _bRajat Publications _c2006 |
||
| 300 |
_aviii, 249 p. _c22 cm ( Hb.) |
||
| 270 |
_a4675/21, Ansari Road, Daryaganj _bNew Delhi _e110 002 |
||
| 942 |
_adpl _cEN _k641/JAS _2ddc _h641 _mJAS |
||
| 999 |
_c6965 _d6965 |
||